[Event "Skyland"]
[Site "?"]
[Date "2010.08.11"]
[Round "4"]
[White "Wright, John W "Bill""]
[Black "Hales, William T."]
[Result "0-1"]
[WhiteElo "1600"]
[BlackElo "1762"]
[Annotator "Houdini 1.03a x64 2_CPU (90s)"]
[PlyCount "92"]
[SourceDate "2006.11.11"]

{A23: English Opening: 1...e5 2 Nc3 Nf6 3 g3 c6} 1. c4 e5 2. Nc3 Nf6 3. g3 Bc5
4. Bg2 c6 {Controls b5+d5} 5. e4 O-O 6. Nge2 Na6 7. O-O Nc7 8. d4 exd4 9. Nxd4
{Black has a cramped position. Black's piece can't move: c8} Ne6 10. Nf5 g6 (
10... d6 11. Rb1 a5 12. Na4 $14) 11. Ne3 (11. Nh6+ Kg7 $16) 11... d6 $14 12.
Rb1 a5 13. Ne2 Ng5 {Black threatens to win material: Ng5xe4} 14. Qc2 Re8 15.
Nc3 Bh3 16. Rd1 $2 (16. f3 $142 $11 {and White can hope to live}) 16... Bxg2
$19 17. Kxg2 Qd7 18. Nf5 Ngxe4 (18... gxf5 $6 19. Bxg5 Nxe4 20. Nxe4 Rxe4 21.
f3 $15) 19. Nxe4 Nxe4 (19... Rxe4 $6 20. Nxd6 Bxd6 21. Bg5 $17) (19... Qxf5 $6
20. Nxf6+ Qxf6 21. b3 $15) 20. Nh6+ Kg7 21. f3 $4 {
an oversight. But White was lost anyway.} (21. Rf1 $142 Qe6 22. b3 $19) 21...
Nf2 22. Qc3+ (22. Ng4 {a last effort to resist the inevitable} Nxg4 23. b4 Ne3+
24. Bxe3 Bxe3 25. bxa5 Rxa5 26. Re1 $19) 22... f6 23. Ng4 Nxg4 24. fxg4 Qxg4
25. Re1 Re2+ 26. Rxe2 Qxe2+ 27. Kh3 Qf1+ 28. Kh4 g5+ $1 {Deflection: c1} 29.
Bxg5 Qf5 (29... Qxb1 $4 {fails to the following pretty mating combination} 30.
Qxf6+ Kg8 31. Qe6+ Kg7 32. Bh6+ Kh8 33. Qf6+ Kg8 34. Qg7#) 30. Bxf6+ (30. Qxf6+
{does not improve anything} Qxf6 31. Bxf6+ Kxf6 32. Rf1+ Kg6 $19) 30... Qxf6+ (
30... Kg6 $142 {and Black has it in the bag} 31. g4 Bf2+ 32. Kh3 Qxb1 $19 (
32... Qxf6 $6 {succumbs to} 33. Qxf6+ Kxf6 34. Rf1 $11)) 31. Qxf6+ Kxf6 32.
Rf1+ (32. Re1 {hardly improves anything} d5 33. cxd5 cxd5 $19) 32... Kg6 33.
Re1 d5 34. cxd5 cxd5 35. Rd1 (35. Re5 {does not solve anything} Rd8 36. Kg4 b6
$19) 35... Rd8 36. Rd3 (36. Kg4 {doesn't get the bull off the ice} h5+ 37. Kh4
d4 $19) 36... d4 37. Kg4 Rf8 38. a3 a4 39. b4 (39. Rd2 {cannot change destiny}
b6 $19) 39... h5+ (39... axb3 $142 $5 {and Black can already relax} 40. Rxb3 b6
41. Rb2 h5+ 42. Kh3 $19) 40. Kh3 (40. Kh4 Rf2 41. Kh3 $19) 40... Ba7 41. Kg2
Rf5 (41... Re8 $142 $5 {keeps an even firmer grip} 42. Rd1 $19) 42. h3 Kf6 43.
Rf3 (43. Rd1 $19 {is one last hope}) 43... Ke5 44. Rxf5+ Kxf5 45. Kf1 (45. Kf2
{is not the saving move} d3+ 46. Ke1 Be3 47. Kd1 Ke4 48. b5 Kf3 49. g4 hxg4 50.
hxg4 d2 51. b6 Bg5 52. Kc2 Ke2 53. Kc3 d1=Q 54. Kb4 Qc1 55. Kxa4 Qc4+ 56. Ka5
Bd2#) 45... d3 46. Ke1 Ke4 (46... Ke4 47. g4 hxg4 48. hxg4 Be3 49. g5 Bxg5 50.
b5 Kf3 51. b6 d2+ 52. Kd1 Be3 53. Kc2 Ke2 54. Kc3 d1=Q 55. Kb2 Bd4+ 56. Ka2
Qa1#) (46... Be3 47. b5 Ke4 48. Kd1 Kf3 49. g4 hxg4 50. hxg4 d2 51. g5 Bxg5 52.
b6 Be3 53. Kc2 Ke2 54. Kb2 d1=Q 55. Ka2 Qc2+ 56. Ka1 Bd4#) 0-1

[Event "TAO 60"]
[Site "?"]
[Date "2010.08.07"]
[Round "3"]
[White "Jiang, Allan"]
[Black "Mabe, Chris"]
[Result "0-1"]
[WhiteElo "1975"]
[BlackElo "2250"]
[Annotator "Houdini 1.03a x64 2_CPU (90s)"]
[PlyCount "96"]
[SourceDate "2006.11.11"]

{D13: Slav Defence: Exchange variation without ...Bf5} 1. Nf3 d5 2. d4 Nf6 3.
c4 c6 4. cxd5 cxd5 5. Nc3 Nc6 6. Bf4 Ne4 7. e3 Nxc3 8. bxc3 g6 9. Be2 Bg7 10.
O-O O-O 11. c4 dxc4 12. Bxc4 Bf5 13. Rc1 Rc8 14. Qe2 Be4 15. Nd2 Bd5 16. Nb3 e5
17. dxe5 Nxe5 18. Bxd5 Qxd5 19. Rxc8 Rxc8 20. Rd1 {
White threatens to win material: Rd1xd5} Qe6 21. h3 {Prevents intrusion on g4}
Nc4 22. e4 Qf6 23. Bc1 Qc6 24. f4 h5 25. Kh1 (25. e5 b5 $11) 25... Nd6 $15 {
Black threatens to win material: Nd6xe4} 26. e5 {
White threatens to win material: e5xd6} Nf5 27. Qd3 a6 28. Nd4 (28. Kh2 $5 $15
{must definitely be considered}) 28... Qd5 $17 29. Nb3 Qc6 (29... Ng3+ 30. Kh2
Qxd3 31. Rxd3 $17) 30. Nd4 $15 {Twofold repetition} Qd7 31. Nb3 (31. Be3 Rd8
32. Rd2 Bf8 $15) 31... Qa4 {Black threatens to win material: Qa4xa2} (31...
Ng3+ 32. Kh2 Qxd3 33. Rxd3 $17) 32. Rd2 (32. Qd7 Qxd7 33. Rxd7 a5 $15) 32... h4
({Instead of} 32... Qxf4 33. Rc2 Ng3+ 34. Kh2 Nf1+ 35. Kg1 Qh2+ 36. Kxf1 $16)
33. Rf2 Ng3+ 34. Kh2 Bf8 35. Be3 Qb4 36. Bd2 {
White threatens to win material: Bd2xb4} Qb6 (36... Qe4 37. Qxe4 Nxe4 38. Rf1
$15) 37. Rf3 $15 Rd8 {Black threatens to win material: Rd8xd3} 38. Qe3 $4 (38.
Qc2 Qe6 $15) 38... Qb5 $4 {throwing away the advantage} (38... Qxe3 $5 39. Bxe3
Rd1 40. Rxg3 hxg3+ 41. Kxg3 $19) 39. Rxg3 $2 (39. e6 $142 {
would allow White to play on} Qf1 40. Qe1 Qxe1 41. exf7+ Kxf7 42. Bxe1 $15)
39... hxg3+ $19 40. Qxg3 Rd3 41. Qg4 (41. Qh4 Qc4 $19) 41... Qd5 42. Bc1 (42.
Qe2 b6 43. Be1 a5 $19) 42... Qc4 (42... a5 {seems even better} 43. f5 Qxe5+ 44.
Bf4 Qxf5 45. Qxf5 gxf5 46. Nxa5 $19) 43. Qg5 (43. Bd2 a5 $1 {Deflection: a5}
44. Bxa5 Bh6 $19) 43... Qe4 (43... Rxb3 $142 {and Black can already relax} 44.
axb3 Qxc1 $19) 44. Nd2 (44. Qh4 {is not the saving move} Rc3 45. Nd2 Qe2 $19)
44... Qf5 (44... Qe1 $142 {it becomes clear that Black will call all the shots}
45. e6 Qxc1 46. Ne4 $19) 45. Qh4 Rc3 46. Qe1 (46. Nb3 {hoping against hope} Qe4
47. Nd2 $19) 46... Qxf4+ 47. g3 (47. Kh1 {doesn't get the cat off the tree} Rc2
48. Nb3 Qc4 $19) 47... Qf5 48. Ne4 (48. e6 {does not improve anything} Qxe6 49.
Qxe6 fxe6 $19) 48... Rc2+ (48... Rc2+ 49. Bd2 Qxe5 $19) 0-1

[Event "TAO60"]
[Site "?"]
[Date "2010.08.07"]
[Round "1"]
[White "Holmes, Gilbert"]
[Black "Jiang, Tian-shun Allan"]
[Result "0-1"]
[WhiteElo "805"]
[BlackElo "1968"]
[Annotator "Houdini 1.03a x64 2_CPU (90s)"]
[PlyCount "70"]
[SourceDate "2006.11.11"]

{C03: French Tarrasch: Unusual Black 3rd moves} 1. e4 e6 2. d4 d5 {
Black threatens to win material: d5xe4} 3. Nd2 Be7 4. Bd3 c5 5. c3 cxd4 6. cxd4
dxe4 7. Nxe4 Nf6 8. Nf3 O-O {Black castles and improves king safety} 9. Bf4 Nc6
10. Be5 (10. Nc3 Nb4 $11) 10... Nxe5 11. dxe5 Nxe4 12. Bxe4 {
Black has the pair of bishops} Qa5+ 13. Ke2 (13. Kf1 $5 $15) 13... Qb5+ 14. Bd3
Qxb2+ 15. Bc2 $4 {another bit of territory lost} (15. Qd2 $5 Qa3 16. Rhc1 $17)
15... Rd8 (15... b6 $142 {nails it down} 16. Qb1 Ba6+ 17. Ke3 Qc3+ 18. Kf4 Rac8
19. Bxh7+ Kh8 $19) 16. Qb1 Qxb1 17. Raxb1 b6 18. Rhd1 Ba6+ 19. Bd3 Bxd3+ (19...
Bb7 20. a4 $17) 20. Rxd3 Rxd3 21. Kxd3 Rd8+ 22. Ke2 Bc5 23. Nd2 (23. Rb2 $142
$5 $15 {is worth consideration}) 23... Bxf2 $1 $19 {Deflection: f2} 24. Rc1 (
24. Kxf2 Rxd2+ {Double attack} (24... Rxd2+ {Deflection}) (24... Rxd2+ {
Overloading})) 24... Bc5 25. Nb3 (25. Nf3 Rd5 $19) 25... Rd5 26. Nxc5 Rxe5+ (
26... Rxc5 27. Rd1 Rxe5+ 28. Kf3 Rf5+ 29. Ke2 $19) 27. Ne4 Rxe4+ 28. Kf3 f5 29.
Rc8+ Kf7 30. Rc7+ Kf6 31. Rxa7 b5 32. a3 $2 (32. Ra5 $142 $19) 32... Ra4 33.
Rxa4 bxa4 34. g4 fxg4+ 35. Kxg4 (35. Kf4 {does not win a prize} h5 36. Kg3 e5
37. Kg2 e4 38. Kf2 Ke5 39. Ke1 e3 40. Kd1 Kd4 41. Ke2 g5 42. Kf1 Kd3 43. Kg2 e2
44. Kf2 Kd2 45. Kg2 e1=Q 46. h4 gxh4 47. Kh2 Qf2+ 48. Kh1 Qf1+ 49. Kh2 g3#)
35... Ke5 (35... Ke5 36. Kf3 Kd4 37. h3 e5 38. Ke2 e4 39. Kd2 e3+ 40. Ke2 g5
41. Kf3 Kd3 42. Kg2 e2 43. Kf2 Kd2 44. Kf3 e1=Q 45. Kg4 Qe5 46. h4 Qf4+ 47. Kh3
gxh4 48. Kg2 Qg4+ 49. Kh2 h3 50. Kh1 Qg2#) 0-1

[Event "TAO 60"]
[Site "?"]
[Date "2010.08.07"]
[Round "1"]
[White "McHale, Michael"]
[Black "Mabe, Chris"]
[Result "0-1"]
[WhiteElo "1831"]
[BlackElo "2250"]
[Annotator "Houdini 1.03a x64 2_CPU (90s)"]
[PlyCount "74"]
[SourceDate "2006.11.11"]

{C12: French: Classical System: McCutcheon Variation} 1. e4 e6 2. d4 d5 3. Nc3
Nf6 {Black threatens to win material: Nf6xe4} 4. Bg5 {
Black is behind in developement} Bb4 5. e5 {White gains space} h6 6. Bd2 Bxc3
7. bxc3 {White has the pair of bishops} ({Weaker is} 7. exf6 Bxd4 8. fxg7 Bxg7
$17) 7... Ne4 8. Bd3 Nxd2 9. Qxd2 c5 {The typical lever} 10. Nf3 Qa5 11. O-O
Nc6 {Black should quickly conclude development.} 12. Rfd1 b6 (12... c4 13. Be2
$15) 13. Qe3 (13. c4 Qxd2 14. Rxd2 O-O $11) 13... O-O 14. h4 Ba6 15. g4 (15.
dxc5 bxc5 16. c4 Bxc4 17. Bxc4 dxc4 $15) 15... Bxd3 $17 16. Qxd3 cxd4 (16...
Rac8 17. Ne1 $17) 17. cxd4 $15 Nb4 18. Qd2 Rac8 {The backward pawn on c2
becomes a target. Black threatens to win material: Rc8xc2} 19. c3 {
White threatens to win material: c3xb4} Qa3 20. Rdc1 Rc6 21. cxb4 Rxc1+ 22.
Qxc1 (22. Rxc1 $5 Qxf3 23. Qd1 $15) 22... Qxf3 $17 23. Qd1 Qxd1+ (23... Qh3 $5
24. Rc1 Qxh4 $17) 24. Rxd1 $11 {A rook endgame occured} Rc8 25. Rd3 Rc4 {
The black rook on an outpost} 26. a3 a5 27. bxa5 bxa5 28. Kf1 h5 29. g5 $2 {
White wins space} (29. gxh5 $142 $5 {and White is still in the game} Kh7 30.
Rf3 $11) 29... Kh7 $17 30. Ke2 Kg6 (30... Rc2+ 31. Ke3 $17) 31. Ke3 (31. Kd1 a4
$17) 31... Kf5 32. f3 $2 (32. Rb3 $5 $17) 32... a4 $19 33. Rd1 Rc3+ 34. Rd3 (
34. Ke2 $142 $19) 34... Rxd3+ 35. Kxd3 Kf4 36. Kc3 Ke3 ({Inferior is} 36...
Kxf3 37. Kb4 Ke3 38. Kxa4 Kxd4 39. Kb4 Kxe5 40. Kb3 $19) 37. f4 g6 (37... g6
38. Kb4 Kxd4 $19) 0-1

[Event "TAO 60"]
[Site "?"]
[Date "2010.08.07"]
[Round "2"]
[White "Mabe, Chris"]
[Black "Greene, Matthew"]
[Result "1-0"]
[WhiteElo "2250"]
[BlackElo "1781"]
[Annotator "Houdini 1.03a x64 2_CPU (90s)"]
[PlyCount "61"]
[SourceDate "2006.11.11"]

{E97: King's Indian: Classical Main Line (6...e5 7 0-0 Nc6): 8 Be3 and 8 d5
Ne7, not 9 Ne1} 1. c4 Nf6 2. Nc3 g6 3. e4 d6 4. d4 Bg7 5. Nf3 O-O 6. Be2 e5 {
Black has a cramped position} 7. O-O Nc6 8. d5 {
White threatens to win material: d5xc6} Ne7 9. b4 {Black has a cramped position
} Nh5 10. Re1 f5 {Nimzovich: attack the chain at its base} 11. Ng5 Nf6 12. Bf3
f4 {This push gains space} (12... fxe4 13. Ngxe4 Nf5 14. Nxf6+ Qxf6 15. Ne4 $11
) 13. c5 $14 {Trying to unravel the pawn chain} Bd7 (13... h6 14. Ne6 Bxe6 15.
dxe6 dxc5 16. bxc5 Qxd1 17. Bxd1 $14 (17. Nxd1 $143 Nc6 $11)) 14. a4 b6 (14...
dxc5 $5 15. bxc5 h6 $14) 15. Ba3 $16 Ne8 16. Bg4 (16. Ne6 Bxe6 17. dxe6 Qc8 18.
cxd6 cxd6 $16) 16... Qc8 (16... Nf5 $5 17. Ne6 Bxe6 18. dxe6 Nd4 $16) 17. Ne6
Rf6 18. Rc1 Bxe6 (18... a6 19. Qd3 $16) 19. Bxe6+ $18 Rxe6 20. dxe6 Qxe6 21.
Nd5 (21. Nb5 $142 Qd7 22. Qb3+ Kh8 23. Qf7 $18) 21... Rc8 $4 {
the position is going down the drain} (21... Nxd5 $5 22. Qxd5 Qxd5 23. exd5 b5
$16) 22. Nxe7+ $18 Qxe7 23. cxd6 Qxd6 (23... Nxd6 {
cannot change what is in store for ?} 24. b5 Rd8 25. Qb3+ Kh8 26. Rc6 $18) 24.
Qg4 (24. Qb3+ $142 {and White can celebrate victory} Kh8 25. b5 Qf6 $18) 24...
Rb8 25. Red1 Nf6 (25... h5 26. Rxd6 hxg4 27. Rxg6 Kf7 28. Rxg4 Rd8 $18) 26.
Rxd6 Nxg4 27. Rxc7 Nf6 (27... Bf8 {does not save the day} 28. Rd3 $18) 28. Rdc6
Nxe4 29. Rc8+ Rxc8 30. Rxc8+ Kf7 (30... Bf8 31. b5 Kg7 32. Bxf8+ Kf7 $18) 31.
Bb2 (31. Bb2 Ke6 32. Re8+ Kd6 33. f3 $18) 1-0

[Event "TAO 60"]
[Site "?"]
[Date "2010.08.07"]
[Round "2"]
[White "Watson, James"]
[Black "Lovelace, Randy"]
[Result "1/2-1/2"]
[WhiteElo "1920"]
[BlackElo "1886"]
[Annotator "Houdini 1.03a x64 2_CPU (90s)"]
[PlyCount "77"]
[SourceDate "2006.11.11"]

{D00: 1 d4 d5: Unusual lines} 1. e4 d5 2. d4 (2. exd5 $5 Nf6 3. d4 $14) 2...
dxe4 $11 3. Nc3 Nf6 4. f3 {Covers g4} e3 (4... exf3 5. Nxf3 e6 6. a3 $15) 5.
Bxe3 Bf5 6. Bc4 e6 {Consolidates d5} 7. Nge2 Nbd7 8. g4 {
White threatens to win material: g4xf5} Bg6 9. h4 Nb6 10. Bb3 h5 {
Black threatens to win material: h5xg4} 11. Nf4 Bh7 12. g5 {
White gets more space} Nfd5 13. Ncxd5 Nxd5 14. Bxd5 exd5 {
Black has the pair of bishops.} 15. Qe2 {Black king safety dropped} Qd7 16.
Nxh5 Bxc2 (16... O-O-O $142 $5 $11 {is a viable option}) 17. Nxg7+ $1 $16 {
Double attack: c2/e8} (17. Qxc2 $6 Rxh5 18. Bf4 O-O-O $11) 17... Bxg7 18. Qxc2
Qe7 (18... Rh5 19. O-O-O $16) 19. Qd2 (19. Kf2 $5 Rh5 20. Qf5 Qd7 $18) 19...
Rh5 $16 20. O-O-O O-O-O 21. Bf2 Rdh8 22. Rhe1 Qd7 23. Qf4 (23. Kb1 Bf8 $16)
23... Bf8 24. Qg4 Bd6 25. Rd3 Qxg4 (25... R5h7 26. Kc2 $16) 26. fxg4 Rxh4 27.
Bxh4 Rxh4 28. Rf3 Rxg4 29. Rxf7 b6 30. Re8+ Kb7 31. Re6 {
White threatens to win material: Re6xd6} (31. Rg7 $142 Bf4+ 32. Kc2 Rg2+ 33.
Kd3 Rg3+ 34. Ke2 Rxg5 35. Rxg5 Bxg5 36. Re6 $16) 31... Kc6 $4 (31... Bf4+ 32.
Kc2 Bxg5 $16) 32. g6 $18 Kb5 (32... Rg1+ {cannot change destiny} 33. Kd2 $18)
33. g7 Kc4 34. b3+ (34. Re8 {keeps an even firmer grip} Rg1+ 35. Kc2 Rg2+ 36.
Kd1 a6 $18) 34... Kc3 (34... Kd3 {is no salvation} 35. Re1 Bh2 $18) 35. Rf3+ (
35. Re3+ $142 {and the result of the game is clear: White will win} Kxd4 36.
Re8 $18) 35... Kxd4 $14 {Black has a new passed pawn: d5} 36. Re2 {
Loses material} (36. Rf7 $5 Be5 37. Ree7 $14) 36... Rxg7 $11 37. Kc2 Kc5 38. a4
Kc6 39. Rd2 1/2-1/2

[Event "TAO 60"]
[Site "?"]
[Date "2010.08.07"]
[Round "2"]
[White "Campbell, Grace"]
[Black "Fuerstman, Leland"]
[Result "0-1"]
[WhiteElo "1733"]
[BlackElo "2034"]
[Annotator "Houdini 1.03a x64 2_CPU (90s)"]
[PlyCount "86"]
[SourceDate "2006.11.11"]

{B70: Sicilian Dragon: 6 g3 and 6 Be2 (without a later Be3)} 1. e4 c5 2. Nf3 d6
{Secures e5} 3. d4 cxd4 4. Nxd4 {
Black is behind in developement. Black's piece can't move: f8} Nf6 {
Black threatens to win material: Nf6xe4} 5. Nc3 g6 {
Black is behind in developement} 6. Bb5+ Bd7 7. Bxd7+ Nbxd7 8. O-O Bg7 9. Be3 {
Black has a cramped position} O-O 10. f3 {Controls g4} Ne5 11. Qe2 Rc8 12. Nd1
Nc4 13. Bf2 Nh5 14. c3 {Prevents intrusion on d4} Nf4 15. Qc2 e5 16. Ne2 Bh6
17. Nxf4 (17. Bxa7 $2 {doesn't work} b6 $19) 17... Bxf4 18. Re1 b5 19. Bxa7 (
19. Qd3 $5 $11) 19... Bxh2+ 20. Kf1 Bg3 {
Black threatens to win material: Bg3xe1} (20... b4 21. Re2 $15 (21. cxb4 $4
Ne3+ 22. Nxe3 Rxc2 23. Nxc2 Qc7 $19)) 21. Bf2 $11 Qg5 22. Bxg3 Qxg3 23. Qf2 {
White threatens to win material: Qf2xg3} Qg5 24. Ne3 f5 25. exf5 Nxe3+ 26. Qxe3
Qxe3 ({Worse is} 26... Rxf5 27. Qxg5 Rxg5 28. Rad1 $14) 27. Rxe3 Rxf5 {
A double rook endgame occured} 28. Rd1 Rc6 29. Rd5 Rb6 30. Re4 Rf7 31. Ke2 Ra7
32. a3 Kf7 33. Rb4 {
Exerts pressure on the isolated pawn. White threatens to win material: Rb4xb5}
Rab7 34. Ke3 Ke6 {Black threatens to win material: Ke6xd5} 35. Ke4 h5 36. Rd1 (
36. f4 exf4 37. Rg5 Kf6 38. Kxf4 Rb8 $14) 36... Rf7 37. g3 Rbb7 38. Rd5 h4 39.
Rdxb5 $4 (39. Rd2 $142 $11 {would bring relief}) 39... Rxb5 $19 40. Rxb5 h3 41.
Rd5 Rxf3 $3 {Deflection: f3.} 42. Rd1 (42. Kxf3 Kxd5 {Deflection} (42... Kxd5 {
Overloading})) 42... Rxg3 43. Rh1 (43. c4 {
there is nothing better in the position} g5 44. a4 $19) 43... d5# 0-1

[Event "TAO 60"]
[Site "?"]
[Date "2010.08.07"]
[Round "3"]
[White "Simpson, Ron"]
[Black "Fuerstman, Leland"]
[Result "1-0"]
[WhiteElo "2350"]
[BlackElo "2042"]
[Annotator "Houdini 1.03a x64 2_CPU (90s)"]
[PlyCount "73"]
[SourceDate "2006.11.11"]

{A36: Symmetrical English vs ...g6: 4 Bg2 Bg7} 1. e4 c5 2. c4 Nc6 3. Nc3 g6 4.
g3 Bg7 5. Bg2 d6 6. Nge2 Nf6 7. O-O Bg4 {White's piece can't move: c1} 8. f3 {
White threatens to win material: f3xg4} Bd7 9. d3 h5 10. h3 {Covers g4} Qc7 11.
Rb1 a6 {Controls b5} 12. a3 {Consolidates b4} e5 (12... b5 13. cxb5 axb5 14.
Nxb5 $11) 13. b4 cxb4 14. axb4 Nxb4 {
Black has a new protected passed pawn: a6. Decoy: b4} 15. Kh2 (15. Rxb4 Qc5+ {
Double attack} (15... Qc5+ {Decoy})) 15... Nc6 (15... a5 16. h4 $11) 16. Bg5
Ne7 (16... Rb8 17. f4 exf4 18. Bxf4 $11 (18. Nxf4 $143 Ng4+ 19. hxg4 hxg4+ 20.
Kg1 Bxc3 $15)) 17. f4 $14 Bc6 $2 (17... h4 $142 {and Black has air to breath}
18. gxh4 Nfg8 19. fxe5 dxe5 $16) 18. fxe5 $18 Nh7 19. exd6 Qxd6 20. Bf4 Qd7 (
20... Qd8 21. d4 b5 22. d5 $18) 21. d4 Qc8 (21... b5 22. d5 Bb7 23. cxb5 $18)
22. Bd6 (22. d5 $142 {and the result of the game is clear: White will win} Bd7
23. Na4 $18) 22... Qd7 23. Ba3 b5 (23... h4 24. gxh4 b5 25. cxb5 axb5 26. Qb3
$18) 24. d5 (24. cxb5 {makes it even easier for White} axb5 25. Qb3 O-O $18)
24... Bb7 25. c5 h4 (25... Be5 26. Kh1 $18) 26. c6 hxg3+ 27. Kh1 (27. Nxg3 Bxc6
28. dxc6 Qxd1 29. Nxd1 $18 (29. Rfxd1 Bxc3 30. e5 Rc8 $14 (30... Bxe5 $2 31.
Rd7 Nf5 32. Re1 $18))) 27... Nxc6 $16 28. dxc6 Qxc6 $4 {
a blunder in a bad position. .} (28... Bxc6 $142 29. Qxd7+ Bxd7 $16) 29. Nd5 (
29. Rc1 {keeps an even firmer grip} Rc8 30. Nxb5 Qxb5 $18) 29... Ng5 (29... Qd7
{doesn't change the outcome of the game} 30. Qd2 Be5 31. Qe3 $18) 30. Nef4 (30.
Rc1 $142 {makes sure everything is clear} Nxh3 31. Rxc6 Nf2+ 32. Kg1 Nxd1 33.
Rxd1 $18) 30... Qd7 31. Rc1 Bxd5 (31... Rc8 32. Qd2 Nxh3 33. Nxh3 $18 (33. Bxh3
$6 Rxh3+ 34. Kg1 g2 35. Nf6+ Bxf6 36. Qxd7+ Kxd7 37. Rfd1+ Ke8 38. Nxh3 Rxc1
39. Bxc1 Be7 $14)) 32. Qxd5 Qxd5 33. Nxd5 Nxh3 (33... Be5 {
praying for a miracle} 34. Nc7+ Bxc7 35. Rxc7 Rb8 36. Re7+ Kf8 37. Rexf7+ Kg8
$18) 34. Nc7+ Kd8 35. Rfd1+ Kc8 (35... Bd4 {is not the saving move} 36. Rxd4+
Kc8 37. Ne8+ Kb8 38. Rd8+ Kb7 39. e5+ Kb6 40. Bc5+ Ka5 41. Ra1#) 36. Nxa8+ (36.
Ne8+ Bc3 37. Rxc3+ Kb8 38. Rd8+ Kb7 39. e5+ Kb6 40. Bc5+ Ka5 41. Ra3#) 36...
Kb7 (36... Bc3 {cannot change what is in store for ?} 37. Rxc3+ Kb8 38. Bd6+
Ka7 39. Rc7+ Kxa8 40. e5+ Kb8 41. Re7+ Kc8 42. Bb7+ Kd8 43. Ba3#) 37. e5+ (37.
e5+ Kb8 38. Bd6+ Ka7 39. Rc7+ Kb8 40. Rd7+ Kc8 41. Nb6#) (37. Rd7+ Kxa8 38. e5+
Kb8 39. Bd6#) 1-0

[Event "Skyland"]
[Site "?"]
[Date "2010.07.21"]
[Round "1"]
[White "Fuerstman, Leland"]
[Black "Wood, Jordan"]
[Result "0-1"]
[WhiteElo "2042"]
[BlackElo "1792"]
[Annotator "Deep Rybka 4 x64 (90s)"]
[PlyCount "70"]
[SourceDate "2006.11.11"]

{B13: Caro-Kann: Exchange Variation and Panov-Botvinnik Attack} 1. e4 c6 2. d4
d5 3. exd5 cxd5 4. c4 Nc6 5. Be3 {
Black has a cramped position. Black's piece can't move: f8} (5. cxd5 Qxd5 6.
Nf3 e6 $14) 5... Nf6 $11 6. Nc3 e6 {Black is behind in developement} 7. Nf3 Qb6
{Black threatens to win material: Qb6xb2} (7... Be7 8. Bd3 $11) 8. Qc2 {
Black is behind in developement} Bd7 9. a3 {White has a very active position}
Rc8 (9... Qc7 10. c5 $14) 10. c5 $16 {White threatens to win material: c5xb6}
Qc7 {Black has a cramped position} 11. Bd3 e5 (11... Be7 $5 $14 {
should be considered}) 12. Nb5 $16 Qb8 13. Bf5 (13. dxe5 $142 $5 Nxe5 14. Nxe5
Qxe5 15. O-O-O $16) 13... e4 {Black gains space} (13... a6 14. Bxd7+ Nxd7 15.
Nc3 exd4 16. Nxd4 Bxc5 17. Rd1 $15) 14. Bxd7+ $11 Nxd7 15. Ng5 h6 (15... Be7
16. O-O b6 17. Nc3 $11) 16. Nh3 (16. Nxe4 $142 $5 dxe4 17. Qxe4+ Be7 18. Nd6+
Kf8 19. Nxc8 Qxc8 20. d5 $16) 16... g5 (16... b6 17. Nc3 bxc5 18. dxc5 $15) 17.
O-O f5 (17... b6 $142 $11 {would keep Black alive}) 18. f3 $16 Nf6 (18... a6
$142 $5 19. fxe4 axb5 20. Rxf5 Nxd4 21. Bxd4 Bxc5 $18) 19. fxe4 $18 Ng4 20.
Rfe1 $4 {ignoring the path to victory} (20. Bf4 $142 {
White had this great chance} gxf4 21. exd5 Nxd4 22. Rae1+ Ne3 23. Nxd4 Bxc5 24.
Qxf5 Bxd4 25. Nxf4 $18) 20... Qxh2+ $19 21. Kf1 Nxe3+ 22. Rxe3 fxe4 23. Rxe4+
$4 {terrible, but what else could White do to save the game?} (23. Nf2 Be7 24.
Rh3 $19) 23... dxe4 24. Qxe4+ Be7 25. Nd6+ (25. Ke2 {does not solve anything}
Kf7 26. Rf1+ Kg7 27. Nxa7 Rce8 28. Nxc6 bxc6 $19) 25... Kd7 26. Nxc8 Rxc8 (
26... Qh1+ $142 {seems even better} 27. Ng1 Rf8+ 28. Ke2 $19) 27. d5 (27. Re1 {
doesn't change the outcome of the game} Rf8+ 28. Ke2 Qg3 $19) 27... Rf8+ (27...
Qh1+ $142 {and Black has reached his goal} 28. Ng1 Rf8+ 29. Ke2 Nd4+ (29...
Bxc5 $6 {is a useless try} 30. dxc6+ bxc6 31. Rd1+ Kc7 32. Nh3 $17) 30. Kd3 Rf4
31. c6+ bxc6 32. dxc6+ Kd6 $19) 28. Ke2 Nd8 29. Qg4+ (29. b4 Bf6 30. Rd1 Rf7
31. Qg4+ Ke8 $19) 29... Ke8 30. d6 (30. Qe4 g4 $1 {Double attack: b2/e2} 31. d6
$19) 30... Qe5+ 31. Kd3 Qd5+ 32. Ke2 (32. Kc2 {doesn't change anything anymore}
Qxc5+ 33. Kb3 Qxd6 34. Re1 Qd5+ 35. Kc2 $19) 32... Qe5+ {Twofold repetition}
33. Kd1 $4 {throws away a nice position} (33. Kd3 $142 $11 {would be a reprieve
}) 33... Rf1+ $19 34. Kc2 Qxc5+ 35. Kb3 Rxa1 (35... Rxa1 36. d7+ Kf8 37. Qf3+
Nf7 38. d8=Q+ Bxd8 $19) 0-1